000 00636cam a22002293a 4500
001 23645
003 PGUSA
005 20140828083514.0
008 071128s2007||||xxu|||||s|||||000 1 eng d
040 _aPGUSA
_beng
042 _adc
050 4 _aPZ
100 1 _aStokes, Katherine
245 1 4 _aThe Motor Maids at Sunrise Camp
_h[electronic resource] /
_cKatherine Stokes
260 _bProject Gutenberg,
_c2007
506 _aPublic domain in the USA.
516 _aElectronic text
653 _aCamps -- Juvenile fiction
830 0 _aProject Gutenberg
_v23645
856 4 0 _uhttp://www.gutenberg.org/ebooks/23645
942 _cEB
999 _c252900
_d252900